Loading...
| History - World | 0 | 5 | 1 | 1 | 45 | 98 | 120.80 | 1 | 3 | 0.00 | 0.00 |
| History - European | 0 | 4 | 1 | 0 | 35 | 42 | 79.00 | 0 | 2 | 0.00 | 0.00 |
| Science - Biology | 0 | 2 | 0 | 0 | 20 | 97 | 106.50 | 0 | 0 | 0.00 | 0.00 |
| Fine Arts - Other | 0 | 1 | 0 | 0 | 10 | 118 | 118.00 | 0 | 0 | 0.00 | 0.00 |
| History - Other | 0 | 2 | 2 | 0 | 10 | 82 | 94.50 | 1 | 1 | 0.00 | 0.00 |
| Religion | 0 | 1 | 0 | 0 | 10 | 141 | 141.00 | 0 | 0 | 0.00 | 0.00 |
| Other Academic | 0 | 1 | 0 | 0 | 10 | 115 | 115.00 | 0 | 0 | 0.00 | 0.00 |
| Current Events | 0 | 1 | 1 | 0 | 5 | 69 | 69.00 | 0 | 0 | 0.00 | 0.00 |
| Philosophy | 0 | 1 | 1 | 0 | 5 | 106 | 106.00 | 0 | 0 | 0.00 | 0.00 |
| Social Science | 0 | 0 | 0 | 0 | 0 | 0.00 | 0 | 0 | 0.00 | 0.00 | |
| Literature - American | 0 | 0 | 0 | 0 | 0 | 0.00 | 0 | 0 | 0.00 | 0.00 | |
| Literature - European | 0 | 0 | 0 | 0 | 0 | 0.00 | 0 | 0 | 0.00 | 0.00 | |
| Mythology | 0 | 0 | 1 | 0 | -5 | 0.00 | 0 | 0 | 0.00 | 0.00 | |
| History - American | 0 | 0 | 1 | 0 | -5 | 0.00 | 0 | 0 | 0.00 | 0.00 |